Valuation : (Record no. 18705)
[ view plain ]
| 000 -LEADER | |
|---|---|
| fixed length control field | 00970nam a22002775i 4500 |
| 001 - CONTROL NUMBER | |
| control field | 016526937 |
| 003 - CONTROL NUMBER IDENTIFIER | |
| control field | OSt |
| 005 - DATE AND TIME OF LATEST TRANSACTION | |
| control field | 20160225111957.0 |
| 008 - FIXED-LENGTH DATA ELEMENTS--GENERAL INFORMATION | |
| fixed length control field | 131024t2014 enkadk frb 001 0 eng d |
| 020 ## - INTERNATIONAL STANDARD BOOK NUMBER | |
| International Standard Book Number | 9781292022321 (paperback) |
| 040 ## - CATALOGING SOURCE | |
| Original cataloging agency | Uk |
| Language of cataloging | eng |
| Transcribing agency | Uk |
| Modifying agency | EG-ScBUE |
| -- | EG-ScBUE |
| 082 04 - DEWEY DECIMAL CLASSIFICATION NUMBER | |
| Classification number | 658.1522 |
| Item number | TIT |
| Edition number | 22 |
| 100 1# - MAIN ENTRY--PERSONAL NAME | |
| Personal name | Titman, Sheridan. |
| 9 (RLIN) | 36759 |
| 245 10 - TITLE STATEMENT | |
| Title | Valuation : |
| Remainder of title | the art and science of corporate investment decisions / |
| Statement of responsibility, etc | Sheridan Titman, John Martin. |
| 250 ## - EDITION STATEMENT | |
| Edition statement | 2nd ed., Pearson New international ed. |
| 260 ## - PUBLICATION, DISTRIBUTION, ETC. (IMPRINT) | |
| Place of publication, distribution, etc | Harlow : |
| Name of publisher, distributor, etc | Pearson Education Limited, |
| Date of publication, distribution, etc | c.2014. |
| 300 ## - PHYSICAL DESCRIPTION | |
| Extent | II, 494 p. : |
| Other physical details | charts, forms, tables ; |
| Dimensions | 28 cm. |
| 500 ## - GENERAL NOTE | |
| General note | Index : p. 487-494. |
| 504 ## - BIBLIOGRAPHY, ETC. NOTE | |
| Bibliography, etc | Includes bibliographical references. |
| 650 #7 - SUBJECT ADDED ENTRY--TOPICAL TERM | |
| Topical term or geographic name as entry element | Valuation. |
| Source of heading or term | BUEsh |
| 9 (RLIN) | 36760 |
| 650 #7 - SUBJECT ADDED ENTRY--TOPICAL TERM | |
| Topical term or geographic name as entry element | Capital investments. |
| Source of heading or term | BUEsh |
| 9 (RLIN) | 36761 |
| 651 ## - SUBJECT ADDED ENTRY--GEOGRAPHIC NAME | |
| Source of heading or term | BUEsh |
| 653 ## - INDEX TERM--UNCONTROLLED | |
| Resource For college | BAEPS, Business Administration |
| Arrived date list | December2014 |
| -- | February2016 |
| 700 1# - ADDED ENTRY--PERSONAL NAME | |
| Personal name | Martin, John D., |
| Dates associated with a name | 1945- |
| 9 (RLIN) | 36762 |
| 942 ## - ADDED ENTRY ELEMENTS (KOHA) | |
| Source of classification or shelving scheme | Dewey Decimal Classification |
| Call number prefix | 658.1522 TIT |
| Withdrawn status | Item status | Source of classification or shelving scheme | Damaged status | Not for loan | Vendor | Home library | Current library | Shelving location | Date acquired | Source of acquisition | Cost, normal purchase price | Serial Enumeration / chronology | Total Checkouts | Full call number | Barcode | Date last seen | Cost, replacement price | Koha item type |
|---|---|---|---|---|---|---|---|---|---|---|---|---|---|---|---|---|---|---|
| Dewey Decimal Classification | Baccah | Central Library | Central Library | First floor | 02/12/2014 | 246.00 | 20677 | 658.1522 TIT | 000037088 | 15/07/2025 | 307.50 | Book - Borrowing | ||||||
| Dewey Decimal Classification | Academic Bookshop | Central Library | Central Library | First floor | 25/02/2016 | Purchase | 275.00 | 4875 | 658.1522 TIT | 000031704 | 15/07/2025 | 343.75 | Book - Borrowing |